Name the Movie / Series from its Hungarian title - Statistics

General Stats
  • This quiz has been taken 5 times
  • The average score is 8 of 15
Answer Stats
Hint Answer % Correct
A Mandalóri The Mandalorian
100%
A Simpson család The Simpsons
100%
Terminátor – A halálosztó The Terminator
100%
A Grace klinika Grey's Anatomy
60%
Ryan közlegény megmentése Saving Private Ryan
60%
A Korona The Crown
60%
Jóbarátok Friends
40%
Eredet Inception
40%
Élősködők Parasite
40%
A sötét lovag The Dark Knight
40%
A Keresztapa The Godfather
40%
A vezércsel The Queen's Gambit
40%
A Sólyom végveszélyben Black Hawk Down
20%
Totál szívás Breaking Bad
20%
Kemény motorosok Sons of Anarchy
20%
No matching quizzes found
Score Distribution
Percent of People with Each Score
Percentile by Number Answered
Your Score History
You have not taken this quiz